Datum a čas kvízu
21
Celkem bodů
Celkový počet nahraných bodů na tomto kvízu bez doplňovacích otázek.
12.
Pořadí na kvízu
Konečné umístění týmu na tomto kvízu.
Zaznamenané odpovědi
| # | Otázka | Odpověď | Body | Výsledky |
|---|---|---|---|---|
| 1. | Celkem 66 firem minulý týden v... | manželství pro všechny | 1 | |
| 2. | Ve kterém evropském hlavním mě... | v Kyjevě | 0 | |
| 3. | 23 dní před letošním vyhlášení... | Daniela Kolářová | 0 | |
| 4. | Česká národní banka minulý týd... | posílat peníze na telefonní číslo | 0 | |
| 5. | Které dvě reprezentace se v ne... | Německo a Srbsko | 0 | |
| 6. | Podle některých statistik obýv... | zmije | 0 | |
| 7. | Mezi člověku velmi nebezpečná... | A | 1 | |
| 8. | Sloni afričtí každoročně zabij... | Zoo Dvůr Králové a Zoo Zlín (Lešná) | 0 | |
| 9. | Nebezpečným zvířetem, s nímž s... | medvěd kodiak | 0 | |
| 10. | Desítky tisíc lidských životů... | C | 1 |